000 00381nam a2200145Ia 4500
008 220204s9999 xx 000 0 und d
082 _a631/635
_bRED
100 _aReddy, S R
245 0 _aPrinciples of agronomy
260 _aLudhiana
_bKalyani Publishers
_c1999
650 _aAgrometeorology
650 _aDryland agriculture
650 _aSustainable agriculture
942 _cBK
999 _c41787
_d41787